000 00835nam a2200229Ii 4500
003 JO-AjNU
008 230605s9999||||xx |||||||||||||| ||und||
017 _a2005/2/321
020 _a978-9957-16-066-4
040 _aJO-AjNU
_bara
_erda
_cJO-AjNU
041 _aara
050 1 4 _aKZ6471.I486.2009
100 3 _a علوان ، محمد يوسف ، الموسى ، محمد خليل ,
_eauthor
_926734
245 0 0 _aالقانون الدولي لحقوق الإنسان : المصادر وسائل الرقابة، الجزء الأول
250 _aط1
264 3 1 _aعمان : دار الثقافة ، 2009
300 _aج1، 333ص
336 _atext
_btxt
_2rdacontent
337 _aunmediated
_bn
_2rdamedia
338 _avolume
_bnc
_2rdacarrier
650 4 _aالقانون الدولي -- حقوق الانسان
_926735
999 _aA10165
_c13733
_d13733